Statistics for Colombia, Presidents of

Click here to take the quiz!

General Stats

  • This quiz has been taken 8 times
  • The average score is 9 of 34

Answer Stats

TermPartyAnswer% Correct
2002-2010Colombia FirstÁlvaro Uribe Vélez
67%
1918-1921ConservativeMarco Fidel Suárez
67%
2022-IncumbentHumane ColombiaGustavo Francisco Petro Urrego
50%
1953-1957MilitaryGustavo Rojas Pinilla
50%
1974-1978LiberalAlfonso López Michelsen
33%
1910-1914Republican UnionCarlos Eugenio Restrepo Restrepo
33%
1966-1970LiberalCarlos Lleras Restrepo
33%
1990-1994LiberalCésar Gaviria Trujillo
33%
2018-2022Democratic CenterIván Duque Márquez
33%
1978-1982LiberalJulio César Turbay Ayala
33%
1950-1953ConservativeLaureano Gómez Castro
33%
1946-1950ConservativeMariano Ospina Pérez
33%
1986-1990LiberalVirgilio Barco Vargas
33%
1958-1962LiberalAlberto Lleras Camargo
17%
1934-1938LiberalAlfonso López Pumarejo
17%
1942-1946LiberalAlfonso López Pumarejo
17%
1998-2002ConservativeAndrés Pastrana Arango
17%
1982-1986ConservativeBelisario Betancur Cuartas
17%
1938-1942LiberalEduardo Santos Montejo
17%
1930-1934LiberalEnrique Olaya Herrera
17%
1994-1998LiberalErnesto Samper Pizano
17%
1962-1966ConservativeGuillermo León Valencia Muñoz
17%
1921-1922ConservativeJorge Holguín Mallarino
17%
1900-1904ConservativeJosé Manuel Marroquín Ricaurte
17%
1914-1918ConservativeJosé Vicentec Concha Ferreira
17%
2010-2018National UnityJuan Manuel Santos Calderón
17%
1898-1900NationalManuel Antonio Sanclemente Sanclemente
17%
1926-1930ConservativeMiguel Abadía Méndez
17%
1894-1898NationalMiguel Antonio Caro Tobar
17%
1970-1974ConservativeMisael Pastrana Borrero
17%
1886-1894NationalRafael Núñez Moledo
17%
1904-1909ConservativeRafael Reyes Prieto
17%
1909-1910ConservativeRamón González Valencia
17%
1922-1926ConservativePedro Nel Ospina Vázquez
0%

Score Distribution

Percentile by Number Answered

Percent of People with Each Score

Your Score History

You have not taken this quiz